| LEADER |
01024nam0a2200241 450 |
| 001 |
16827476 |
| 010 |
|
|
|a 978-2-8096-4946-8
|b br.
|d 5,95
|
| 100 |
|
|
|a 20140729d2026 u u0frey01 ba
|
| 101 |
0 |
|
|a fre
|
| 102 |
|
|
|a FR
|
| 200 |
0 |
|
|a jardin secret d'Akiko (Le)
|f Nadja
|g [illustrations,] Julie Camel
|
| 207 |
|
1 |
|a
|
| 210 |
|
|
|a Paris
|b 33, rue du Peti-Musc.
|c Play Bac
|d [2013]
|
| 215 |
|
|
|a 1 vol. (28 p.)
|c ill. en coul., couv. ill. en coul.
|d 20 cm
|
| 225 |
1 |
|
|a Minimiki
|v 1
|
| 300 |
|
|
|a 2013 d'après la déclaration de dépôt légal
|
| 330 |
|
|
|a Akiko est une petite fille citadine. Lorsqu'elle arrive chez sa grand-mère, dans un village japonais, elle peine à s'y habituer, mais découvre bientôt un jardin secret qui va tout changer.
|
| 461 |
|
0 |
|t Minimiki
|v 1
|
| 700 |
|
0 |
|a Nadja
|c Auteur du texte
|f 1955-....
|4 70
|
| 702 |
|
0 |
|a Camel
|b Julie
|c Illustrateur
|4 440
|
| 900 |
|
|
|a Roman enfant
|
| 901 |
|
|
|a Accessible au prêt
|
| 995 |
|
|
|a Bibliothèque
|c Bibliothèque
|f 024017940
|h 024017940
|k E C2 NAD
|o p
|q j
|r az
|e Bibliothèque
|